Normal view
MARC view
- البيومي،محمد رجب
Entry Personal Name
001 - CONTROL NUMBER
- control field: 21098
003 - CONTROL NUMBER IDENTIFIER
- control field: JO-AjAnu
005 - DATE AND TIME OF LATEST TRANSACTION
- control field: 20230606073648.0
008 - FIXED-LENGTH DATA ELEMENTS
- fixed length control field: 230606|| aca||aabn | a|a d
040 ## - CATALOGING SOURCE
- Original cataloging agency: JO-AjAnu
- Transcribing agency: JO-AjAnu
100 ## - HEADING--PERSONAL NAME
- Personal name: البيومي،محمد رجب
670 ## - SOURCE DATA FOUND
- Source citation: Work cat.: (JO-AjAnu)10841: البيومي،محمد رجب, author, قضايا إسلامية مناقشات وردود، ج1